| 000 | 00437cam a2200181ua 4500 | ||
|---|---|---|---|
| 020 | _c395.00 | ||
| 041 |
_aeng _h |
||
| 082 |
_a631.43 _bTOM/SE |
||
| 100 | _aTompkins, Peter . | ||
| 245 |
_aSecrets of the soil / _cPeter Tompkins. _hTextual Documents |
||
| 260 |
_a : _bRupa & Co , _c1989. |
||
| 300 | _a444 ; . | ||
| 365 | _a395.00 | ||
| 504 | _a | ||
| 700 | 1 | _aBird, Christopher . | |
| 942 | _cBK | ||
| 999 |
_c13106 _d13106 |
||